Globálna kríza - hrozba alebo výzva? /
Uložené v:
| Hlavný autor: | |
|---|---|
| Médium: | Kniha |
| Jazyk: | Slovak |
| Vydané: |
Bratislava :
Sprint dva,
2010.
|
| Vydanie: | 1. vyd. |
| Edícia: | Economics
|
| Témy: | |
| ISBN: |
9788089393244 (viaz.) |
| Fyzický popis: |
219 s. : grafy, mp., tab. ; 22 cm. |
| Tagy: |
Pridať tag
Žiadne tagy, Buďte prvý kto otaguje tento záznam!
|
Titul je dostupný aj v ... 

MARC
| LEADER | 00000nam a2200000 a 4500 | ||
|---|---|---|---|
| 001 | 000220821 | ||
| 005 | 20110427095421.0 | ||
| 008 | 101005s2010 xo bdl e 000 0 slo d | ||
| 020 | |a 9788089393244 (viaz.) | ||
| 040 | |a SVKKK |b slo |c SVKKK |e AACR2 | ||
| 041 | 0 | |a slo | |
| 044 | |a xo |c SK | ||
| 072 | 7 | |a 316.4 |x Sociálne procesy |2 konspekt | |
| 080 | |a 316.423 |2 2001 | ||
| 080 | |a 339.9 |2 2001 | ||
| 080 | |a 336.76 |2 2001 | ||
| 080 | |a 336.7:338.124.4 |2 2001 | ||
| 080 | |a 338.124.4 |2 2001 | ||
| 080 | |a (048.8) |2 2001 | ||
| 100 | 1 | |a Staněk, Peter, |d 1948- | |
| 245 | 1 | 0 | |a Globálna kríza - hrozba alebo výzva? / |c Peter Staněk. |
| 250 | |a 1. vyd. | ||
| 260 | |a Bratislava : |b Sprint dva, |c 2010. | ||
| 300 | |a 219 s. : |b grafy, mp., tab. ; |c 22 cm. | ||
| 490 | 1 | |a Economics | |
| 504 | |a Bibliografia: s. 207 | ||
| 650 | 0 | 7 | |a globálna kríza |2 SVKKKPH |
| 650 | 0 | 7 | |a svetová ekonomika |2 SVKKKPH |
| 650 | 0 | 7 | |a finančné trhy |2 SVKKKPH |
| 650 | 0 | 7 | |a finančná kríza |2 SVKKKPH |
| 650 | 0 | 7 | |a hospodárska kríza |2 SVKKKPH |
| 655 | 7 | |a monografie |2 SVKKKPH | |
| 830 | 0 | |a Economics | |
| 910 | |a svkkk | ||
| 919 | |a 978-80-89393-24-4 | ||
| 998 | |a BK | ||
| 090 | |g SCKHL |k Sklad Pribinova prízemie |a IV.210187 |j 1023088 |i 2720227482 |s Absenčne | ||
| 090 | |g SCKHL |k Sklad Pribinova prízemie |a IV.210912 |j 1025796 |i 2720241423 |s Absenčne | ||
| 090 | |g SCKHL |k Sklad Pribinova prízemie |a IV.210913 |j 1025797 |i 2720241422 |s Absenčne | ||